[Event "CRO-ch U13 Girls"]
[Site "Trogir"]
[Date "2023.06.25"]
[Round "8"]
[White "Kosina, Helena"]
[Black "Katic, Sara"]
[Result "1-0"]
[WhiteElo "1188"]
[BlackElo "1025"]
[PlyCount "79"]
[EventDate "2023.06.21"]
[EventType "swiss"]
[EventRounds "9"]
[EventCountry "CRO"]
[SourceTitle "EXT 2024"]
[Source "ChessBase"]
[SourceDate "2023.10.10"]
[SourceVersion "1"]
[SourceVersionDate "2023.10.10"]
[SourceQuality "1"]

1. e4 e5 2. Nf3 Nc6 3. Nc3 Nf6 4. Bb5 a6 5. Bxc6 dxc6 6. Nxe5 Bd6 7. Nf3 Bg4 8. h3 Bh5 9. g4 Nxg4 10. hxg4 Bxg4 11. d3 Qf6 12. Bd2 Bxf3 13. Bg5 Bxd1 14. Bxf6 gxf6 15. Rxd1 0-0-0 16. Rh6 Be5 17. Ke2 Rdg8 18. d4 Bf4 19. Rxf6 Bg5 20. Rxf7 Rd8 21. Rf5 Rhg8 22. d5 cxd5 23. Nxd5 Rde8 24. Nc3 h6 25. f4 Bh4 26. Rh1 Rg2+ 27. Kf3 Rf2+ 28. Kg4 Bf6 29. Rxf6 Rg8+ 30. Kh5 Rxc2 31. Rxh6 Rxb2 32. Rh4 Rbg2 33. a4 Rc2 34. Nd5 Rg7 35. Rg6 Rh7+ 36. Kg4 Rg2+ 37. Kf5 Rxg6 38. Rxh7 Rd6 39. Rxc7+ Kd8 40. Rxb7 1-0

[Event "CRO-ch U11 Girls"]
[Site "Trogir"]
[Date "2022.06.26"]
[Round "7"]
[White "Koksa, Agata"]
[Black "Kosina, Helena"]
[Result "1-0"]
[WhiteElo "1054"]
[BlackElo "1851"]
[PlyCount "65"]
[EventDate "2022.06.22"]
[EventType "swiss"]
[EventRounds "9"]
[EventCountry "CRO"]
[SourceTitle "CBM 209 Extra"]
[Source "ChessBase"]
[SourceDate "2022.09.30"]
[SourceVersion "1"]
[SourceVersionDate "2022.09.30"]
[SourceQuality "1"]

1. e4 c5 2. c3 e6 3. d4 d5 4. exd5 exd5 5. Bb5+ Bd7 6. Qe2+ Qe7 7. Qxe7+ Bxe7 8. Bxd7+ Nxd7 9. Nf3 Ngf6 10. Bf4 0-0 11. 0-0 b6 12. h3 Ne4 13. Nbd2 Bd6 14. Bxd6 Nxd2 15. Nxd2 Rfe8 16. Nf3 f6 17. Rfe1 cxd4 18. cxd4 b5 19. b3 a5 20. Rad1 a4 21. bxa4 bxa4 22. Rd3 Re4 23. Rde3 Rae8 24. a3 g5 25. Nd2 Rxe3 26. Rxe3 Rxe3 27. fxe3 Kf7 28. Nb1 Ke6 29. Bc7 Kf5 30. Nc3 Ke6 31. Nxa4 Kf5 32. Nc3 h5 33. a4 1-0